| Tag |
First Indicator |
Second Indicator |
Subfields |
| LEADER |
00000cam a22000001 4500 |
| 001 |
in00000060202 |
| 005 |
20151008051611.0 |
| 008 |
720420s1965 nyu b 00000 eng |
| 010 |
|
|
|a 65015761
|
| 035 |
|
|
|a (OCoLC)00475064
|
| 035 |
|
|
|9 AAG8897AM
|
| 040 |
|
|
|a DLC
|c DLC
|d TXA
|d UtOrBLW
|
| 043 |
|
|
|a n-us---
|
| 049 |
|
|
|a TXAM
|c 7 [410421]
|
| 050 |
|
0 |
|a E185.8
|b .M25
|
| 082 |
0 |
|
|a 331.63
|
| 090 |
|
|
|a E185.8
|b .M25 1965
|
| 092 |
|
|
|a 331.63
|b M367n
|
| 100 |
1 |
|
|a Marshall, F. Ray.
|
| 245 |
1 |
4 |
|a The Negro and organized labor /
|c [by] Ray Marshall.
|
| 264 |
|
1 |
|a New York :
|b Wiley,
|c [1965]
|
| 300 |
|
|
|a ix, 327 pages ;
|c 24 cm.
|
| 336 |
|
|
|a text
|b txt
|2 rdacontent
|
| 337 |
|
|
|a unmediated
|b n
|2 rdamedia
|
| 338 |
|
|
|a volume
|b nc
|2 rdacarrier
|
| 504 |
|
|
|a Bibliographical footnotes.
|
| 650 |
|
0 |
|a African Americans
|x Employment.
|
| 650 |
|
0 |
|a Discrimination in employment
|z United States.
|
| 650 |
|
0 |
|a Labor unions
|z United States.
|
| 999 |
|
|
|a MARS
|
| 999 |
f |
f |
|s a56ff98c-1ef2-331a-a1dc-02bfa89b797f
|i 97ed3a86-496a-3682-a654-91fe138595c6
|t 0
|
| 952 |
f |
f |
|p ric
|a Texas A&M University
|b Rellis Campus
|c Joint Library Facility
|d Remote Storage
|t 0
|e E185.8 .M25 1965
|h Library of Congress classification
|i unmediated -- volume
|m A14818731565
|
| 998 |
f |
f |
|a E185.8 .M25 1965
|t 0
|l Remote Storage
|